Country Quiz - Statistics

General Stats
  • This quiz has been taken 16 times
  • The average score is 3 of 13
Answers on the Grid
Answers color-coded by a green-red scale on the quiz's grid according to % correct below.
๐Ÿ‡ณ๐Ÿ‡จ
๐Ÿ‡ณ๐Ÿ‡ด
๐Ÿ‡น๐Ÿ‡ผ
๐Ÿ‡ต๐Ÿ‡ท
๐Ÿ‡ฐ๐Ÿ‡ณ
๐Ÿ‡ฒ๐Ÿ‡ญ
๐Ÿ‡จ๐Ÿ‡ผ
๐Ÿ‡ช๐Ÿ‡บ
๐Ÿ‡ฌ๐Ÿ‡ซ
๐Ÿ‡ฐ๐Ÿ‡ฎ
๐Ÿ‡ต๐Ÿ‡ฌ
๐Ÿ‡ฒ๐Ÿ‡จ
๐Ÿ‡ฌ๐Ÿ‡บ
๐Ÿ‡ฑ๐Ÿ‡ฎ
๐Ÿ‡ฑ๐Ÿ‡ท
๐Ÿ‡ณ๐Ÿ‡บ
๐Ÿ‡ช๐Ÿ‡ญ
๐Ÿ‡น๐Ÿ‡ป
๐Ÿ‡ฎ๐Ÿ‡ฒ
๐Ÿ‡ญ๐Ÿ‡ท
๐Ÿ‡จ๐Ÿ‡ฟ
๐Ÿ‡ฆ๐Ÿ‡ธ
๐Ÿ‡ฆ๐Ÿ‡ฝ
๐Ÿ‡ง๐Ÿ‡ฏ
๐Ÿ‡ฌ๐Ÿ‡ฑ
๐Ÿ‡ณ๐Ÿ‡ท
 
Answer Stats
Answer % Correct
Norway is a country ๐Ÿ‡ณ๐Ÿ‡ด
62%
St. Kitts and Nevis is a country ๐Ÿ‡ฐ๐Ÿ‡ณ
38%
Croatia is a country ๐Ÿ‡ญ๐Ÿ‡ท
38%
Papua New Guinea is a country ๐Ÿ‡ต๐Ÿ‡ฌ
31%
Tuvalu is a country ๐Ÿ‡น๐Ÿ‡ป
31%
Czechia is a country ๐Ÿ‡จ๐Ÿ‡ฟ
31%
Marshall Islands is a country ๐Ÿ‡ฒ๐Ÿ‡ญ
23%
Kiribati is a country ๐Ÿ‡ฐ๐Ÿ‡ฎ
23%
Liechtenstein is a country ๐Ÿ‡ฑ๐Ÿ‡ฎ
23%
Liberia is a country ๐Ÿ‡ฑ๐Ÿ‡ท
15%
Nauru is a country ๐Ÿ‡ณ๐Ÿ‡ท
15%
Monaco is a country ๐Ÿ‡ฒ๐Ÿ‡จ
8%
Benin is a country ๐Ÿ‡ง๐Ÿ‡ฏ
8%
No matching quizzes found
Score Distribution
Percent of People with Each Score
Percentile by Number Answered
Your Score History
You have not taken this quiz